Độ bền kết cấu vật liệu composite

Gespeichert in:
Bibliographische Detailangaben
1. Verfasser: Trần, Công Nghị
Format: Buch
Sprache:Undetermined
Veröffentlicht: Tp. HCM ĐHQG 2004
Schlagworte:
Tags: Tag hinzufügen
Keine Tags, Fügen Sie den ersten Tag hinzu!
Thư viện lưu trữ: Trung tâm Học liệu Trường Đại học Cần Thơ
LEADER 00595nam a2200205Ia 4500
001 CTU_51543
008 210402s9999 xx 000 0 und d
020 |c 9500 
082 |a 620.1183 
082 |b Ngh300/T2 
100 |a Trần, Công Nghị 
245 0 |a Độ bền kết cấu vật liệu composite 
245 0 |c Trần Công Nghị 
260 |a Tp. HCM 
260 |b ĐHQG 
260 |c 2004 
650 |a Composite materials,Strength of materials 
650 |x Mechanical properties. 
904 |i Minh 
980 |a Trung tâm Học liệu Trường Đại học Cần Thơ